| 000 | 00775njm a22002297a 4500 | ||
|---|---|---|---|
| 005 | 20100831105251.0 | ||
| 007 | sd ammalaaahaa | ||
| 008 | 100831t xxu||||| |||| 00| 0 eng d | ||
| 028 |
_aN.14564 _bHis Master's Voice |
||
| 035 | _aGR-48 | ||
| 035 | _aOMD. 3678 | ||
| 040 |
_adpl _cdpl |
||
| 245 |
_aSaahnai / _cBismillah & Party of Beneras _h[sound recording] : |
||
| 260 |
_aDum Dum, India _bHis Master's Voice |
||
| 300 |
_a1 sound disc [Gramaphone Recording] : _banalog, 33 1/3 rpm _c9.5 in.(MP) _fGramaphone Records |
||
| 500 | _aBrief record | ||
| 505 | _aSaahnai, (Maalkos). | ||
| 650 |
_aClassical music _xExcerpts _zIndia _917444 |
||
| 700 |
_aMaalkos _917618 |
||
| 942 |
_2ddc _cGR |
||
| 999 |
_c43197 _d43197 |
||